000 00617nam a2200217Ia 4500
008 101110s9999 xx 000 0 und d
041 _aENGLISH
082 _bSR34784
100 _aLeach Donald P.,Malvino Albert Paul, Saha Goutam
245 _aDigital principles & applications, 7th ed
260 _c2011
_bTata McGraw Hill Education, New delhi
300 _a682
365 _b350
520 _aComputer
546 _aENGLISH
630 _aDigital principles & applications, 7th ed
650 _aComputer
655 _aComputer
730 _aDigital principles & applications, 7th ed
942 _cBOOK
999 _c827285
_d827282